000
00253nam a22001097a 4500
082
_a
621.384 ASK'R
100
_a
ASKARI, BARKAT-UL-HASAN
_9
79944
245
_a
RADIO COURSE VOL-1
260
_a
LAHORE
_b
SHEIKH ASHRAF
_c
1985
300
_a
316P
942
_c
BK
999
_c
584925
_d
584925